| 000 | 00770 a2200253 4500 | ||
|---|---|---|---|
| 999 |
_c17544 _d4252 |
||
| 001 | 17544 | ||
| 003 | TR-AnTOB | ||
| 005 | 20190408214831.0 | ||
| 008 | 041102s1999 tu tur | ||
| 020 | _a9751611911 | ||
| 040 |
_aTR-AnTOB _cTR-AnTOB |
||
| 041 | _atur | ||
| 050 | _aDR592.K4 | ||
| 090 |
_aDR592.K4 _bK63 1999 |
||
| 100 |
_aKocatürk, Utkan _97331 |
||
| 245 | 0 |
_aDoğumundan ölümüne kadar kaynakçalı Atatürk günlüğü / _cUtkan Kocatürk. |
|
| 264 | 1 |
_aAnkara : _bAtatürk Kültür, Dil ve Tarih Yüksek Kurumu, Atatürk Araştırma Merkezi, _c1999. |
|
| 300 |
_a696 p. ; _c24 cm. |
||
| 504 | _aBibliography: p. 629-654. | ||
| 600 | 1 | 7 |
_aAtatürk, Mustafa Kemal, _d1881-1938 _vBibliyografya _2etuturkob _947773 |
| 902 | _a0006265 | ||
| 942 |
_cBK _2lcc |
||